Catalog

Record Details

Catalog Search



Úvod do didaktiky tělesné výchovy žáků s mentálním postižením  Cover Image Book Book

Úvod do didaktiky tělesné výchovy žáků s mentálním postižením / Vlasta Karásková

Record details

  • ISBN: 80-244-1024-9
  • Physical Description: 109 s. ; 21 cm
  • Edition: 1. vyd.
  • Publisher: Olomouc : Univerzita Palackého, 2005

Content descriptions

General Note:
Nad názvem: Univerzita Palackého v Olomouci, Fakulta tělesné kultury
Bibliography, etc. Note:
Obsahuje bibliografii
Target Audience Note:
Určeno pro studenty učitelství TV na FTK UP v Olomouci
Subject: tělesná výchova
předmětová didaktika
děti s mentálním postižením
speciální školy
physical education and training
teaching school subjects
children with mental disabilities
special education
Genre: učebnice vysokých škol
textbooks (higher)

Available copies

  • 1 of 1 copy available at Common Catalog SPOK.

Holds

  • 0 current holds with 1 total copy.
Show All Copies
Location Call Number / Copy Notes Barcode Shelving Location Status Due Date
Jabok Library PeS-3/K 424480018595 Odborná literatura Available -

LDR 01936nam a2200505 a 4500
00113947
003CZ-PrJAB
00520191008144815.0
007ta
008050602s2005 xr e p 000 0 cze
015 . ‡acnb001570053
020 . ‡a80-244-1024-9 ‡q(brož.)
035 . ‡a(CZ PrNK)nkc20051570053
035 . ‡a(OCoLC)85155001
040 . ‡aBOA001 ‡bcze ‡dABA001
072 7. ‡a376 ‡xVýchova a vzdělávání zvláštních skupin osob ‡2Konspekt ‡922
072 7. ‡a37.016 ‡xUčební osnovy. Vyučovací předměty. Učebnice ‡2Konspekt ‡922
080 . ‡a796.012.6:37.016 ‡2MRF
080 . ‡a37.016.026 ‡2MRF
080 . ‡a316.344.6-056.36-053.2 ‡2MRF
080 . ‡a376.1 ‡2MRF
080 . ‡a(075.8) ‡2MRF
1001 . ‡aKarásková, Vlasta, ‡d1947- ‡7jn20000620151 ‡4aut
24510. ‡aÚvod do didaktiky tělesné výchovy žáků s mentálním postižením / ‡cVlasta Karásková
250 . ‡a1. vyd.
260 . ‡aOlomouc : ‡bUniverzita Palackého, ‡c2005
300 . ‡a109 s. ; ‡c21 cm
4901 . ‡aSkripta
500 . ‡aNad názvem: Univerzita Palackého v Olomouci, Fakulta tělesné kultury
504 . ‡aObsahuje bibliografii
5218 . ‡aUrčeno pro studenty učitelství TV na FTK UP v Olomouci
65007. ‡atělesná výchova ‡7ph116513 ‡2czenas
65007. ‡apředmětová didaktika ‡7ph162893 ‡2czenas
65007. ‡aděti s mentálním postižením ‡7ph115262 ‡2czenas
65007. ‡aspeciální školy ‡7ph116231 ‡2czenas
65009. ‡aphysical education and training ‡2eczenas
65009. ‡ateaching school subjects ‡2eczenas
65009. ‡achildren with mental disabilities ‡2eczenas
65009. ‡aspecial education ‡2eczenas
655 7. ‡aučebnice vysokých škol ‡7fd133772 ‡2czenas
655 9. ‡atextbooks (higher) ‡2eczenas
7102 . ‡aUniverzita Palackého. ‡bFakulta tělesné kultury ‡7kn20010709371
8102 . ‡aUniverzita Palackého. ‡tSkripta
910 . ‡aABG312
995 . ‡aska
901 . ‡a13947 ‡bCZ PrNK ‡c13947 ‡tbiblio

Additional Resources